Manual on soil, plant, water and organic manure analysis: (Record no. 3503)
[ view plain ]
| 000 -LEADER | |
|---|---|
| fixed length control field | 00684nam a22002057a 4500 |
| 003 - CONTROL NUMBER IDENTIFIER | |
| control field | OSt |
| 005 - DATE AND TIME OF LATEST TRANSACTION | |
| control field | 20220107122728.0 |
| 008 - FIXED-LENGTH DATA ELEMENTS--GENERAL INFORMATION | |
| fixed length control field | 140108b xxu||||| |||| 00| 0 eng d |
| 040 ## - CATALOGING SOURCE | |
| Transcribing agency | IIITM-K |
| 082 ## - DEWEY DECIMAL CLASSIFICATION NUMBER | |
| Classification number | 631.584 DOA/M.1 |
| 100 ## - MAIN ENTRY--PERSONAL NAME | |
| Personal name | Department of Agriculture, Govt.of Kerala |
| 9 (RLIN) | 2808 |
| 245 ## - TITLE STATEMENT | |
| Title | Manual on soil, plant, water and organic manure analysis: |
| Remainder of title | Soil, plant and water analysis. Vol.1 |
| Statement of responsibility, etc. | by Department of agriculture, Govt. of Kerala |
| 260 ## - PUBLICATION, DISTRIBUTION, ETC. | |
| Place of publication, distribution, etc. | Trivandrum, |
| Name of publisher, distributor, etc. | Director of agriculture, |
| Date of publication, distribution, etc. | 2013. |
| 300 ## - PHYSICAL DESCRIPTION | |
| Extent | 157p. |
| 650 ## - SUBJECT ADDED ENTRY--TOPICAL TERM | |
| Topical term or geographic name entry element | AGRICULTURE |
| 9 (RLIN) | 2809 |
| 650 ## - SUBJECT ADDED ENTRY--TOPICAL TERM | |
| Topical term or geographic name entry element | SOIL ANALYSIS |
| 9 (RLIN) | 2810 |
| 650 ## - SUBJECT ADDED ENTRY--TOPICAL TERM | |
| Topical term or geographic name entry element | PLANT ANALYSIS |
| 9 (RLIN) | 2811 |
| 650 ## - SUBJECT ADDED ENTRY--TOPICAL TERM | |
| Topical term or geographic name entry element | WATER ANALYSIS |
| 9 (RLIN) | 2812 |
| 942 ## - ADDED ENTRY ELEMENTS (KOHA) | |
| Source of classification or shelving scheme | Dewey Decimal Classification |
| Koha item type | |
| Withdrawn status | Lost status | Source of classification or shelving scheme | Damaged status | Not for loan | Home library | Current library | Shelving location | Date acquired | Total Checkouts | Full call number | Barcode | Date last seen | Price effective from | Koha item type |
|---|---|---|---|---|---|---|---|---|---|---|---|---|---|---|
| Dewey Decimal Classification | Kerala University of Digital Sciences, Innovation and Technology Knowledge Centre | Kerala University of Digital Sciences, Innovation and Technology Knowledge Centre | 08/01/2014 | R 631.584 DOA/M.V1 | 3167 | 03/12/2020 | 08/01/2014 | Reference |